000 01337nab a22002417a 4500
999 _c5985
_d5985
003 OSt
005 20260115180241.0
008 190605e xxu||||| |||| 00| 0 spa d
040 _cPJ
100 _91345
_aArese, César
245 1 3 _aLa incorporación de otro derecho humano laboral a la Declaración de Principios y Derechos Fundamentales de OIT /
_cCésar Arese.
260 _aCiudad Autónoma de Buenos Aires :
_bThomson Reuters La Ley,
_c2022.
300 _ap. 56-62
500 _aCita: TR LALEY AR/DOC/3141/2022.
505 _aSumario: I. La categoría de convenios fundamentales y prioritarios de OIT.— II. ¿Sirven las declaraciones como instrumentos jurídicos?— III. El sistema de declaraciones de OIT y los derechos humanos en el trabajo.— IV. Caracteres y cuestiones relativos a la DPDF.— V. Impactos regionales e internos.— VI. En conclusión.
505 _t¿Te interesa el texto completo? Solicitalo al correo: koha@justierradelfuego.gov.ar
650 0 _91316
_aDERECHO LABORAL
650 0 _91354
_aCONVENIOS COLECTIVOS DE TRABAJO
650 0 _94925
_aORGANIZACION INTERNACIONAL DEL TRABAJO
650 0 _9614
_aDERECHOS HUMANOS
773 0 _02711
_93168
_dCiudad Autónoma de Buenos Aires : Thomson Reuters La Ley, 1999-2002.
_tRevista de derecho del trabajo. Nº 6 - Noviembre 2022
942 _2udc
_cANA